| 000 | nam a22 7a 4500 | ||
|---|---|---|---|
| 999 |
_c232584 _d232584 |
||
| 003 | Nust | ||
| 005 | 20170221104039.0 | ||
| 008 | 170221b xxu||||| |||| 00| 0 eng d | ||
| 020 | _a9781853262418 | ||
| 040 | _cNust | ||
| 082 |
_a823 _bHEN |
||
| 100 | _aHenry, O | ||
| 245 |
_a100 selected stories / _cby O. Henry |
||
| 260 |
_aLondon: _bWordsworth classic, _c1995 |
||
| 300 | _a735 p. | ||
| 650 | _aStories | ||
| 942 |
_2ddc _cBK |
||